000 02518cam a2200169 4500500
005 20260111085121.0
041 _afre
042 _adc
100 1 0 _aHily, Marie-Antoinette
_eauthor
245 0 0 _aMigrants dans une banlieue beyrouthine
260 _c2009.
500 _a14
520 _aCet article se propose de rendre compte, à partir d’enquêtes de terrain, des signes et des marques qu’inscrivent les nouveaux migrants dans le paysage urbain de Bourj-Hammoud. Présentée comme « le grand marché de Beyrouth », cette commune accueille depuis une dizaine d’années des migrants sri lankais, philippins, indiens, éthiopiens. Souvent en situation irrégulière, ils travaillent pour partie dans le quartier alors que d’autres s’emploient dans les familles aisées beyrouthines comme bonnes pour les femmes ; dans le bâtiment, la restauration-hôtellerie ou encore dans des petites entreprises pour les hommes. Il s’agit de donner à voir les pratiques des « nouveaux venus » et leurs usages du quartier. Ces résidents récents vivent dans la précarité, dans la peur du contrôle ; et pourtant c’est dans cette incertitude quotidienne que s’organise une vie sociale.
520 _aMigrants in a Beirut suburbBased upon field research, the present paper aims at analyzing signs and landmarks which recent migrants leave in the urban scenery of Bourj Hammoud, which is considered as the “major market in Beirut” and has been housing for a decade migrants coming from Sri Lanka, Philippines, India, Ethiopia. They are often in an unregistered position, some of them work in the district, while others are employed in well-to-do Beirut families, women as maids, men in building, restaurants, hotels or small firms. Indian and Sri Lankan have also settled shops on the central street (jewellery or grocery shops, restaurants). Giving an account of’newcomers’ practices and how they use the district. These recent settlers live precariously, afraid of each check. However, it is in such daily uncertainty that a form of social life is taking place. Here migrant men - and moreover women - are actively working at bringing together the necessity of remaining unnoticed and steering clear, with meeting’local national’people, those who claim to be Lebanese, Armenian, Lebanese Armenian.
786 0 _nMaghreb - Machrek | 199 | 1 | 2009-03-01 | p. 61-70 | 1762-3162
856 4 1 _uhttps://shs.cairn.info/revue-maghreb-machrek-2009-1-page-61?lang=fr&redirect-ssocas=7080
999 _c1617714
_d1617714